000 00750nam a22001695i 4500
001 171119
003 ES-MaACL
005 20251011063152.0
008 090429s1872 sp |||| | spa d
100 1 _aCorzo y Barrera, Antonio,
_dm. 1897
_9139980
245 1 0 _aTirios y troyanos
_b: sainete político en un acto y en verso /
_cpor Antonio Corzo y Barrera y Enrique Gisbert.
260 _aMadrid :
_b[s.n.],
_c1872 (
_fImpr. de Serafín Landáburu)
300 _a32 p. ;
_c18 cm.
700 1 _aGisbert, Enrique.
_9139984
852 _aES-MaACL
_jF-8587(4)
_z.- Enc. pasta española
_q.- Falto de la cub. original
_z.- Enc. en un vol. facticio formando parte de la col. facticia "Teatro español moderno", vol. 40
999 _c171119
_d171119